000 01118nam a2200289 a 4500
001 BRL_1672
005 20190320211321.0
008 230414t1991----mx-ao#####---#000-0#spa-#
041 _aspa
044 _amx
050 4 _aF1219.3.M4
_b.M37 1991
245 1 0 _aMáscaras tradicionales de México
_ctexto Ruth Deutsch Lechuga ; fotografía Ruth Deutsch Lechuga y Enrique Franco Torrijos ; diseño Marianela de la Hoz ; coordinación Víctor Manuel Espíndola.
260 _aMéxico
_bBanco Nacional de Obras y Servicios Públicos
_c1991
300 _a157 p.
_bil. (algunas a color)
_c34 cm.
500 _aLa biblioteca cuenta con dos ejemplares
500 _aej.1 Au2248, ej.2 Au2211
504 _aBibliografía : p. 155-157
650 1 4 _aMáscaras indígenas
_zMéxico
_94283
650 1 4 _aMáscaras
_zMéxico
_94284
651 4 _aMéxico
_xAntigüedades
_92765
700 1 _aLechuga, Ruth Deutsch
_d1920-2004
_94285
700 1 _aFranco Torrijos, Enrique
_eil.
_9625
700 1 _aHoz, Marianela de la
_94286
710 2 _aBanco Nacional de Obras y Servicios Públicos
_927592
902 _aGRL
942 _2lcc
_cB
999 _c10481
_d10481